[Event "G5 Gruppe 1 2011"]
[Site "Odense"]
[Date "2011.04.21"]
[Round "1"]
[White "Andersen, Finn"]
[Black "Pedersen, Carsten"]
[Result "0-1"]
[WhiteElo "2006"]
[BlackElo "2132"]
[PlyCount "77"]
[EventDate "2011.??.??"]


1. d3 e5 2. Nf3 Nc6 3. e4 d6 4. c3 g6 5. Be2 Bg7 6. Nbd2 a5 7. b3 Nf6 8. Qc2
O-O 9. O-O h6 10. Bb2 Nh5 11. d4 Nf4 12. Bb5 exd4 13. cxd4 Nb4 14. Qd1 c6 15.
Be2 Nxe2+ 16. Qxe2 b6 17. a3 Na6 18. Rfe1 Be6 19. Rab1 Nb8 20. Qe3 d5 21. Ne5
Re8 22. Rbc1 dxe4 23. Qc3 Bd5 24. Nxe4 c5 25. Qd3 Nc6 26. Nxc6 Bxc6 27. f3 f5
28. Ng3 Qd5 29. Qc4 Qxc4 30. bxc4 cxd4 31. Red1 Rad8 32. Kf2 Kf7 33. Ne2 Rxe2+
34. Kxe2 d3+ 35. Rxd3 Re8+ 36. Re3 Rxe3+ 37. Kxe3 Bxb2 38. Rb1 Bxa3 39. Rxb6
0-1

[Event "G5 Gruppe 1 2011"]
[Site "Odense"]
[Date "2011.04.21"]
[Round "1"]
[White "Andersen, Morten"]
[Black "Nielsen, Erling Moller"]
[Result "1/2-1/2"]
[WhiteElo "2132"]
[BlackElo "2001"]
[PlyCount "104"]
[EventDate "2011.??.??"]


1. d4 d5 2. c4 e6 3. Nc3 c5 4. cxd5 cxd4 5. Qa4+ Bd7 6. Qxd4 exd5 7. Qxd5 Nf6
8. Qd1 Bb4 9. e3 Ne4 10. Qd4 Bxc3+ 11. bxc3 Nf6 12. Ba3 Nc6 13. Qf4 Qa5 14. Bb4
Qa4 15. Be2 O-O-O 16. Bd1 Qa6 17. Be2 Qa4 18. Bd1 Qa6 19. Ne2 Be6 20. O-O Rxd1
21. Rfxd1 Qxe2 22. a4 Qg4 23. Qxg4 Nxg4 24. Bd6 Nf6 25. a5 Bc4 26. f3 Rd8 27.
Kf2 Ne8 28. Bc5 Rxd1 29. Rxd1 Kc7 30. Ra1 f5 31. e4 fxe4 32. fxe4 Nf6 33. Ke3
Ng4+ 34. Kf4 Nge5 35. Bd4 Kd6 36. h3 Ke6 37. g4 h6 38. h4 g6 39. Rb1 Ba6 40.
Ra1 Be2 41. Rb1 Ba6 42. Ra1 Nd3+ 43. Ke3 Nde5 44. Kf4 Kf6 45. g5+ hxg5+ 46.
hxg5+ Ke6 47. Rh1 Nd3+ 48. Ke3 Nxa5 49. Bxa7 Ne5 50. Bd4 Nac4+ 51. Kf4 Nd3+ 52.
Kf3 Nde5+ 1/2-1/2

[Event "G5 Gruppe 1 2011"]
[Site "Odense"]
[Date "2011.04.21"]
[Round "1"]
[White "Frank Nielsen, Marie"]
[Black "Svane, Henrik"]
[Result "1/2-1/2"]
[WhiteElo "1988"]
[BlackElo "2071"]
[PlyCount "46"]
[EventDate "2011.??.??"]


1. e4 e6 2. d4 d5 3. Nc3 Bb4 4. e5 c5 5. a3 Bxc3+ 6. bxc3 Qa5 7. Bd2 Qa4 8. Nf3
Nc6 9. Qb1 c4 10. Be2 Bd7 11. O-O O-O-O 12. Qb2 f6 13. Rfb1 b6 14. h4 f5 15.
Bf4 Nge7 16. Bg5 h6 17. Bxe7 Nxe7 18. h5 g5 19. Nd2 g4 20. Qc1 Nc6 21. Rb4 Nxb4
22. axb4 Qc6 23. Rxa7 Qb5 1/2-1/2

[Event "G5 Gruppe 1 2011"]
[Site "Odense"]
[Date "2011.04.21"]
[Round "1"]
[White "Jepsen, Thomas Tange"]
[Black "Norregaard, Claus"]
[Result "1-0"]
[WhiteElo "2023"]
[BlackElo "1955"]
[PlyCount "81"]
[EventDate "2011.??.??"]


1. d4 Nf6 2. c4 e6 3. Nc3 Bb4 4. Qc2 c5 5. e3 O-O 6. Nf3 d5 7. a3 cxd4 8. exd4
Be7 9. c5 b6 10. b4 a5 11. Rb1 axb4 12. axb4 bxc5 13. bxc5 Nc6 14. Bb5 Bd7 15.
O-O Qc7 16. g3 Rfc8 17. Na4 Na7 18. Bf4 Qd8 19. Bxd7 Nxd7 20. Qd3 g5 21. Bxg5
Bxg5 22. Nxg5 Qxg5 23. Nb6 Qd8 24. Nxa8 Rxa8 25. Rb7 Nc6 26. f4 Rb8 27. Rxb8
Qxb8 28. f5 Qb4 29. fxe6 fxe6 30. Rf4 Nf8 31. Qe3 Qb1+ 32. Kg2 Ne7 33. h4 Neg6
34. Rf2 h5 35. Qf3 Qe1 36. c6 Qc1 37. Qf7+ Kh8 38. c7 Qc4 39. Qxf8+ Nxf8 40.
Rxf8+ Kg7 41. c8=Q 1-0

[Event "G5 Gruppe 1 2011"]
[Site "Odense"]
[Date "2011.04.21"]
[Round "1"]
[White "Mott, Jens"]
[Black "Knudsen, Jesper"]
[Result "1/2-1/2"]
[WhiteElo "1953"]
[BlackElo "2019"]
[PlyCount "77"]
[EventDate "2011.??.??"]


1. e4 c5 2. g3 g6 3. Bg2 Bg7 4. c3 Nc6 5. f4 e6 6. Nf3 d5 7. e5 Nge7 8. O-O O-O
9. Na3 b6 10. d4 cxd4 11. cxd4 Ba6 12. Rf2 Rc8 13. Nc2 Qd7 14. b3 Na5 15. Ba3
Rfd8 16. Bf1 Bxf1 17. Qxf1 Nf5 18. g4 Rxc2 19. Rxc2 Ne3 20. Qc1 Nxc2 21. Qxc2
Rc8 22. Qd3 Bf8 23. Bb2 Nc6 24. a3 Na5 25. Rf1 a6 26. Nd2 Qb5 27. Qxb5 axb5 28.
Rc1 Rxc1+ 29. Bxc1 Be7 30. g5 Kf8 31. Kf2 Ke8 32. Ke3 Kf8 33. Kd3 b4 34. a4 Kg7
35. Kc2 h6 36. Nf3 h5 37. Bd2 Nc6 38. Be3 Kf8 39. Ne1 1/2-1/2

[Event "G5 Gruppe 1 2011"]
[Site "Odense"]
[Date "2011.04.21"]
[Round "1"]
[White "Nielsen, Thorkild Borup"]
[Black "Meldgaard, Frode"]
[Result "1/2-1/2"]
[WhiteElo "2011"]
[BlackElo "1949"]
[PlyCount "100"]
[EventDate "2011.??.??"]


1. d4 d6 2. c4 Bf5 3. Nc3 Nd7 4. e4 Bg6 5. f4 e6 6. Nf3 Be7 7. Bd3 c5 8. d5
Ngf6 9. O-O O-O 10. dxe6 fxe6 11. Ng5 Bf7 12. Nxf7 Rxf7 13. g4 Ne8 14. Be3 Nf8
15. Qf3 e5 16. f5 Bg5 17. Rac1 Nc7 18. Kh1 h6 19. Rg1 Nh7 20. Bxg5 Qxg5 21. Qg3
Qe7 22. h4 Nf6 23. Be2 g5 24. fxg6 Rg7 25. g5 hxg5 26. Qxg5 Ne6 27. Qh6 Nf4 28.
Nd5 N6xd5 29. cxd5 Rf8 30. Bg4 Rf6 31. Bf5 Nxd5 32. Qh7+ Kf8 33. Qh8+ Rg8 34.
g7+ Qxg7 35. Rxg7 Rxh8 36. Rxb7 Rxh4+ 37. Kg1 Nf4 38. Rb8+ Kg7 39. Rb7+ Rf7 40.
Rxf7+ Kxf7 41. Rd1 Ke7 42. Rd2 Ne6 43. Rg2 Rh5 44. Bxe6 Kxe6 45. Rg6+ Kd7 46.
Rg7+ Kc6 47. Rxa7 Rh4 48. Ra4 Kb5 49. b3 Rh3 50. Kf2 Rh2+ 1/2-1/2

[Event "G5 Gruppe 1 2011"]
[Site "Odense"]
[Date "2011.04.22"]
[Round "2"]
[White "Pedersen, Carsten"]
[Black "Jepsen, Thomas Tange"]
[Result "0-1"]
[WhiteElo "2132"]
[BlackElo "2023"]
[PlyCount "74"]
[EventDate "2011.??.??"]


1. e4 c6 2. Nf3 d5 3. exd5 cxd5 4. Ne5 Nf6 5. d4 Nc6 6. Bb5 Bd7 7. Nxd7 Qxd7 8.
O-O e6 9. Bf4 Bd6 10. Bxd6 Qxd6 11. c3 O-O 12. Nd2 a6 13. Bd3 b5 14. a3 Na5 15.
Qe2 Nc4 16. Nf3 Qf4 17. Rfe1 Rfc8 18. Ne5 Nxe5 19. dxe5 Nd7 20. a4 bxa4 21. g3
Qg5 22. Bxa6 Rcb8 23. f4 Qd8 24. Bd3 Qb6+ 25. Kh1 Qxb2 26. Qe3 Rc8 27. Rec1 g6
28. Rab1 Qa3 29. Ra1 Qc5 30. Qe2 Nb6 31. Ra2 a3 32. Rb1 Na4 33. Rb5 Qxc3 34.
Rb1 Qc5 35. Rc2 Qd4 36. Rxc8+ Rxc8 37. Bc2 a2 0-1

[Event "G5 Gruppe 1 2011"]
[Site "Odense"]
[Date "2011.04.22"]
[Round "2"]
[White "Meldgaard, Frode"]
[Black "Andersen, Morten"]
[Result "0-1"]
[WhiteElo "1949"]
[BlackElo "2132"]
[PlyCount "120"]
[EventDate "2011.??.??"]


1. e4 c5 2. Bc4 a6 3. a4 d6 4. Ne2 Nf6 5. Nbc3 e6 6. d4 Nxe4 7. Nxe4 d5 8. dxc5
dxe4 9. Qxd8+ Kxd8 10. Be3 Bd7 11. O-O Nc6 12. Rfd1 Kc8 13. Rd2 Be7 14. c3 Ne5
15. Ba2 Nd3 16. b4 a5 17. Bb1 axb4 18. Bxd3 bxc3 19. Nxc3 exd3 20. Rxd3 Rd8 21.
Rad1 Bc6 22. Rxd8+ Bxd8 23. Nb5 Bd5 24. Nd6+ Kc7 25. Nxf7 Bf6 26. Nd6 Kc6 27.
f3 Rxa4 28. Rb1 Ra1 29. Rxa1 Bxa1 30. Nc8 Kb5 31. Kf2 Kc4 32. Ke2 Be5 33. Nd6+
Kc3 34. f4 Bf6 35. g4 Bc4+ 36. Kf3 Bd5+ 37. Ke2 g6 38. Nb5+ Kc4 39. Nd6+ Kb4
40. g5 Be7 41. Ne8 Bxc5 42. Bd2+ Kb3 43. Nf6 Kc2 44. Nxh7 Bc4+ 45. Ke1 b5 46.
Nf6 b4 47. Ne4 Bf8 48. h4 Bd3 49. Nf2 b3 50. Nd1 b2 51. Nxb2 Kxb2 52. Kf2 Kc2
53. Ba5 Bc5+ 54. Kf3 Bf5 55. Bc7 Kd3 56. Bb8 Be4+ 57. Kg3 Ke2 58. h5 Bf2+ 59.
Kh2 gxh5 60. Be5 Kf3 0-1

[Event "G5 Gruppe 1 2011"]
[Site "Odense"]
[Date "2011.04.22"]
[Round "2"]
[White "Svane, Henrik"]
[Black "Mott, Jens"]
[Result "1/2-1/2"]
[WhiteElo "2071"]
[BlackElo "1953"]
[PlyCount "51"]
[EventDate "2011.??.??"]


1. d4 Nf6 2. c4 e6 3. Nc3 d5 4. cxd5 exd5 5. Bg5 c6 6. e3 Be7 7. Qc2 Nbd7 8.
Bd3 O-O 9. Nge2 Re8 10. O-O Nf8 11. f3 Nh5 12. Bxe7 Rxe7 13. e4 g6 14. Qd2 Ne6
15. Bc2 Nc7 16. e5 f5 17. exf6 Rf7 18. g4 Nxf6 19. Nf4 Ne6 20. Nce2 Qd6 21.
Rae1 Bd7 22. Nd3 Raf8 23. Ne5 Rg7 24. Kg2 Bc8 25. h3 c5 26. Qe3 1/2-1/2

[Event "G5 Gruppe 1 2011"]
[Site "Odense"]
[Date "2011.04.22"]
[Round "2"]
[White "Knudsen, Jesper"]
[Black "Frank Nielsen, Marie"]
[Result "1/2-1/2"]
[WhiteElo "2019"]
[BlackElo "1988"]
[PlyCount "35"]
[EventDate "2011.??.??"]


1. e4 e5 2. Nf3 Nc6 3. Bb5 Nge7 4. O-O g6 5. c3 a6 6. Ba4 Bg7 7. d4 exd4 8.
cxd4 b5 9. Bb3 Na5 10. Bc2 O-O 11. Bd2 Nc4 12. Bc3 d5 13. b3 Nb6 14. e5 a5 15.
Bd3 c6 16. Nbd2 Nf5 17. Re1 Re8 18. Nf1 1/2-1/2

[Event "G5 Gruppe 1 2011"]
[Site "Odense"]
[Date "2011.04.22"]
[Round "2"]
[White "Nielsen, Erling Moller"]
[Black "Nielsen, Thorkild Borup"]
[Result "1-0"]
[WhiteElo "2001"]
[BlackElo "2011"]
[PlyCount "113"]
[EventDate "2011.??.??"]


1. d4 d5 2. c4 c6 3. Nc3 Nf6 4. Bg5 dxc4 5. a4 Bf5 6. f3 e6 7. e4 Bg6 8. e5 h6
9. Bh4 Nbd7 10. exf6 Nxf6 11. Bxc4 Be7 12. Nge2 O-O 13. O-O Qb6 14. Qb3 Qc7 15.
Bg3 Bd6 16. Rac1 Bxg3 17. hxg3 Qd7 18. Rfd1 Rad8 19. Nf4 Bf5 20. g4 Qd6 21.
Nce2 Bh7 22. Bxe6 g5 23. Bxf7+ Rxf7 24. Nd3 Qd5 25. Qa3 Qd6 26. Qxd6 Rxd6 27.
Ne5 Re7 28. Nc3 Nd5 29. Nc4 Rdd7 30. a5 Nb4 31. Ne5 Rd8 32. Ne4 Bxe4 33. fxe4
Na6 34. Nxc6 bxc6 35. Rxc6 Nb4 36. Rc4 Na6 37. d5 Nc7 38. d6 Ne6 39. Rd5 Rb7
40. b4 Nf4 41. Rd2 Kf7 42. g3 Ng6 43. Rc7+ Rxc7 44. dxc7 Rc8 45. Rc2 a6 46. Rc6
Ne5 47. Rxa6 Rxc7 48. b5 Rc1+ 49. Kg2 Ke7 50. b6 Kd7 51. Ra7+ Kc8 52. a6 Rc2+
53. Kf1 Rb2 54. b7+ Kc7 55. Ra8 Nd7 56. Rc8+ Kd6 57. a7 1-0

[Event "G5 Gruppe 1 2011"]
[Site "Odense"]
[Date "2011.04.22"]
[Round "2"]
[White "Norregaard, Claus"]
[Black "Andersen, Finn"]
[Result "1/2-1/2"]
[WhiteElo "1955"]
[BlackElo "2006"]
[PlyCount "72"]
[EventDate "2011.??.??"]


1. d4 d6 2. e4 Nf6 3. Nc3 Nbd7 4. f4 e5 5. fxe5 dxe5 6. dxe5 Nxe5 7. Qxd8+ Kxd8
8. Bf4 Bd6 9. O-O-O Ke7 10. Bg5 c6 11. Be2 Bb4 12. Nf3 Bxc3 13. bxc3 Nxf3 14.
gxf3 h6 15. Be3 Be6 16. Bc5+ Ke8 17. a3 Nd7 18. Bd6 Nb6 19. Rd4 Rc8 20. Rhd1 f6
21. f4 h5 22. f5 Bd7 23. Bc5 Rd8 24. Rb4 Bc8 25. Rxd8+ Kxd8 26. Bxb6+ axb6 27.
Rxb6 Kc7 28. Rb1 Re8 29. Bf3 Kd6 30. Kd2 Ke5 31. Ke3 h4 32. Rg1 Re7 33. Rg4 Kd6
34. Rf4 Kc5 35. Be2 b6 36. Rf1 Ra7 1/2-1/2

[Event "G5 Gruppe 1 2011"]
[Site "Odense"]
[Date "2011.04.23"]
[Round "3"]
[White "Jepsen, Thomas Tange"]
[Black "Nielsen, Erling Moller"]
[Result "1-0"]
[WhiteElo "2023"]
[BlackElo "2001"]
[PlyCount "89"]
[EventDate "2011.??.??"]


1. d4 Nf6 2. c4 g6 3. Nc3 Bg7 4. e4 O-O 5. f3 d6 6. Be3 a6 7. Bd3 c6 8. a4 a5
9. Nge2 Na6 10. O-O e5 11. d5 Nb4 12. g4 Bxg4 13. fxg4 Nxg4 14. Bf2 f5 15. h3
Nxf2 16. Rxf2 Bh6 17. Kh2 Qh4 18. Rf3 cxd5 19. cxd5 fxe4 20. Bxe4 Rxf3 21. Bxf3
Rf8 22. Ng3 Nc2 23. Qxc2 Rxf3 24. Nce4 Bf4 25. Qc8+ Kg7 26. Qxb7+ Kh6 27. Rg1
Bxg3+ 28. Nxg3 Qxa4 29. Rg2 Qd4 30. Qb5 a4 31. Qa5 Rf2 32. Qb5 Qd2 33. Qf1
Rxg2+ 34. Qxg2 Qd4 35. Nf1 Qf4+ 36. Kg1 Qd4+ 37. Kh1 Kg7 38. Qd2 Qe4+ 39. Kh2
Qf3 40. Ng3 h5 41. h4 a3 42. bxa3 Qxa3 43. Qg5 Qa2+ 44. Kh3 Qxd5 45. Nf5+ 1-0

[Event "G5 Gruppe 1 2011"]
[Site "Odense"]
[Date "2011.04.23"]
[Round "3"]
[White "Andersen, Morten"]
[Black "Pedersen, Carsten"]
[Result "1/2-1/2"]
[WhiteElo "2132"]
[BlackElo "2132"]
[PlyCount "121"]
[EventDate "2011.??.??"]


1. d4 Nf6 2. c4 Nc6 3. Nf3 e6 4. g3 d5 5. Bg2 dxc4 6. Qa4 Bb4+ 7. Bd2 Nd5 8.
Qb5 O-O 9. Qxc4 Qd6 10. a3 Bxd2+ 11. Nbxd2 Rd8 12. Ne4 Qe7 13. Ne5 Nxe5 14.
dxe5 Bd7 15. O-O Bc6 16. Rfc1 h6 17. Qc5 Qxc5 18. Nxc5 Rab8 19. b4 Be8 20. e3
Kf8 21. Nb3 Rbc8 22. Na5 b6 23. Nb7 Rd7 24. Nd6 Rb8 25. Nb5 a6 26. Nd4 b5 27.
Nb3 Rb6 28. Ra2 c6 29. Rac2 Rc7 30. Bxd5 exd5 31. Rc5 Ke7 32. Rxd5 Rd7 33. Rdc5
Rd3 34. R5c3 Rd5 35. f4 g5 36. Nd4 gxf4 37. gxf4 f6 38. exf6+ Kxf6 39. Nxc6 Rd2
40. Ne5 Kf5 41. Rd3 Ra2 42. Rcd1 Rb7 43. R3d2 Rxa3 44. Kf2 a5 45. bxa5 Rxa5 46.
Rd5 Ra2+ 47. Kg3 b4 48. Ng4+ Kg6 49. f5+ Kg7 50. Re5 Bf7 51. f6+ Kg6 52. Re7
Rxe7 53. fxe7 Ra7 54. Rd6+ Kg7 55. Nxh6 Rb7 56. Nf5+ Kh7 57. Rf6 Be8 58. Rf8
Bg6 59. Rf6 Be8 60. Rf8 Bg6 61. Rf6 1/2-1/2

[Event "G5 Gruppe 1 2011"]
[Site "Odense"]
[Date "2011.04.23"]
[Round "3"]
[White "Knudsen, Jesper"]
[Black "Svane, Henrik"]
[Result "1/2-1/2"]
[WhiteElo "2019"]
[BlackElo "2071"]
[PlyCount "66"]
[EventDate "2011.??.??"]


1. e4 e6 2. d4 d5 3. Nc3 Bb4 4. e5 c5 5. a3 Bxc3+ 6. bxc3 Ne7 7. a4 Qa5 8. Qd2
b6 9. Bb5+ Bd7 10. Bxd7+ Nxd7 11. Nf3 Rc8 12. O-O cxd4 13. cxd4 Qxd2 14. Bxd2
O-O 15. Bb4 Rfe8 16. a5 Rxc2 17. axb6 axb6 18. Bxe7 Rxe7 19. Ra8+ Nf8 20. Rb8
Rc6 21. g3 Ra7 22. Rb1 Ra6 23. Rb3 f6 24. Nh4 f5 25. Rf3 g6 26. g4 Ra7 27. gxf5
gxf5 28. Rb3 Rg7+ 29. Kf1 Rg4 30. Nf3 Rc1+ 31. Ke2 Rc2+ 32. Kf1 Rc1+ 33. Ke2
Rc2+ 1/2-1/2

[Event "G5 Gruppe 1 2011"]
[Site "Odense"]
[Date "2011.04.23"]
[Round "3"]
[White "Frank Nielsen, Marie"]
[Black "Mott, Jens"]
[Result "1-0"]
[WhiteElo "1988"]
[BlackElo "1953"]
[PlyCount "163"]
[EventDate "2011.??.??"]


1. e4 e6 2. d4 d5 3. Nc3 Bb4 4. e5 c5 5. a3 Bxc3+ 6. bxc3 Qc7 7. Nf3 b6 8. Bb5+
Bd7 9. Bd3 c4 10. Be2 Ba4 11. O-O Nc6 12. Ng5 O-O-O 13. f4 h6 14. Nh3 g6 15.
Nf2 Rf8 16. Qd2 Qe7 17. Nd1 f5 18. Nb2 Bb5 19. a4 Ba6 20. Nd1 Rf7 21. Rf3 Rfh7
22. Nf2 Qg7 23. Nh3 Nge7 24. Rg3 Rg8 25. Rb1 Qh8 26. Qe1 Nd8 27. Bd2 Nec6 28.
Qc1 Rgg7 29. Qa3 Nf7 30. Qc1 Qd8 31. Kh1 Qe7 32. Ra1 Kc7 33. Be3 Rh8 34. Qa3
Qd8 35. Rf1 Rhg8 36. Bd2 Kb7 37. Rb1 Ka8 38. Be3 Bc8 39. Bd2 Na5 40. Qb4 Bd7
41. Ra1 Nc6 42. Qb1 g5 43. Nf2 g4 44. Nd1 h5 45. Nb2 h4 46. Re3 Ng5 47. fxg5 f4
48. Nxc4 dxc4 49. Re4 Rxg5 50. Rxf4 Na5 51. Qb4 Qc8 52. Raf1 Rf5 53. Kg1 h3 54.
g3 Qc6 55. R1f2 Bc8 56. Qd6 Rxf4 57. Qxc6+ Nxc6 58. Rxf4 Ne7 59. Rxg4 Re8 60.
Bxc4 Nf5 61. Bd3 a6 62. Rf4 Ne7 63. Rh4 Bd7 64. Bxa6 Bxa4 65. Bd3 Kb7 66. Rxh3
Kc6 67. Rh6 Nd5 68. c4 Nc7 69. Be4+ Kd7 70. Rh7+ Kc8 71. Bb4 Bd7 72. Rf7 Rg8
73. Rf8+ Rxf8 74. Bxf8 b5 75. cxb5 Nxb5 76. Bc5 Nc3 77. Bg6 Kc7 78. h4 Bc6 79.
h5 Ne4 80. h6 Ng5 81. h7 Be8 82. h8=Q 1-0

[Event "G5 Gruppe 1 2011"]
[Site "Odense"]
[Date "2011.04.23"]
[Round "3"]
[White "Nielsen, Thorkild Borup"]
[Black "Norregaard, Claus"]
[Result "1-0"]
[WhiteElo "2011"]
[BlackElo "1955"]
[PlyCount "89"]
[EventDate "2011.??.??"]


1. d4 Nf6 2. c4 e6 3. g3 d5 4. Bg2 dxc4 5. Nf3 a6 6. a4 c5 7. O-O Nc6 8. dxc5
Qxd1 9. Rxd1 Bxc5 10. Nbd2 Ke7 11. Nxc4 Ng4 12. e3 Bd7 13. h3 Nf6 14. Nfe5 Nxe5
15. Nxe5 Rab8 16. Nxd7 Nxd7 17. Bd2 Rhd8 18. Bc3 f6 19. Kf1 Bd6 20. Ke2 Ne5 21.
f4 Nc6 22. Bxc6 bxc6 23. Rd4 Rb6 24. Rad1 c5 25. R4d2 Rdb8 26. e4 R8b7 27. e5
fxe5 28. fxe5 Bb8 29. Ke3 Kf7 30. Rd7+ Rxd7 31. Rxd7+ Kg6 32. g4 Rc6 33. Ke4
Bc7 34. h4 h5 35. gxh5+ Kxh5 36. Rxg7 Kxh4 37. Bd2 Kh5 38. Rg5+ Kh6 39. Rg8+
Kh5 40. Rc8 Rb6 41. Rxc7 Rxb2 42. Bc3 Ra2 43. a5 Ra4+ 44. Kd3 Kg6 45. Rxc5 1-0

[Event "G5 Gruppe 1 2011"]
[Site "Odense"]
[Date "2011.04.24"]
[Round "4"]
[White "Andersen, Morten"]
[Black "Jepsen, Thomas Tange"]
[Result "1-0"]
[WhiteElo "2132"]
[BlackElo "2023"]
[PlyCount "47"]
[EventDate "2011.??.??"]


1. c4 Nf6 2. d4 g6 3. Nc3 Bg7 4. e4 d6 5. Be2 O-O 6. f4 c6 7. Nf3 Bg4 8. Be3
Bxf3 9. Bxf3 e5 10. O-O exf4 11. Bxf4 Na6 12. Qb3 Ne8 13. Rad1 Qb6 14. Qxb6
axb6 15. Na4 Nb4 16. Nxb6 Rxa2 17. Nd7 Nc2 18. e5 Nc7 19. Nxf8 Kxf8 20. Be4
Nxd4 21. Rxd4 dxe5 22. Rd8+ Ke7 23. Bg5+ f6 24. Rg8 1-0

[Event "G5 Gruppe 1 2011"]
[Site "Odense"]
[Date "2011.04.24"]
[Round "4"]
[White "Pedersen, Carsten"]
[Black "Frank Nielsen, Marie"]
[Result "1/2-1/2"]
[WhiteElo "2132"]
[BlackElo "1988"]
[PlyCount "41"]
[EventDate "2011.??.??"]


1. e4 c5 2. Nc3 Nc6 3. g3 g6 4. Bg2 Bg7 5. d3 d6 6. f4 Nf6 7. Nf3 O-O 8. O-O
Rb8 9. a3 b5 10. Rb1 a5 11. a4 b4 12. Nb5 Bg4 13. c4 Nd4 14. Be3 Nd7 15. Qd2
Bxf3 16. Bxf3 Nb6 17. Bxd4 cxd4 18. b3 Nd7 19. Qf2 Qb6 20. Kh1 Rbe8 21. Qe2
1/2-1/2

[Event "G5 Gruppe 1 2011"]
[Site "Odense"]
[Date "2011.04.24"]
[Round "4"]
[White "Svane, Henrik"]
[Black "Nielsen, Thorkild Borup"]
[Result "1/2-1/2"]
[WhiteElo "2071"]
[BlackElo "2011"]
[PlyCount "39"]
[EventDate "2011.??.??"]


1. d4 d5 2. c4 c6 3. Nc3 e6 4. e4 dxe4 5. Nxe4 Bb4+ 6. Bd2 Qxd4 7. Bxb4 Qxe4+
8. Be2 Na6 9. Bc3 e5 10. Qd6 Bf5 11. f3 Qh4+ 12. g3 Qe7 13. Qxe5 Qxe5 14. Bxe5
f6 15. Bc3 O-O-O 16. g4 Bd3 17. Bxd3 Rxd3 18. Ke2 Rd7 19. Nh3 Nh6 20. Rhd1
1/2-1/2

[Event "G5 Gruppe 1 2011"]
[Site "Odense"]
[Date "2011.04.24"]
[Round "4"]
[White "Nielsen, Erling Moller"]
[Black "Knudsen, Jesper"]
[Result "1-0"]
[WhiteElo "2001"]
[BlackElo "2019"]
[PlyCount "129"]
[EventDate "2011.??.??"]


1. d4 Nf6 2. c4 g6 3. g3 Bg7 4. Bg2 O-O 5. Nc3 d6 6. Nf3 Nc6 7. d5 Nb8 8. O-O
a5 9. e4 Na6 10. h3 Nc5 11. Qc2 Bd7 12. Be3 Qb8 13. Rfd1 Rc8 14. Nh4 c6 15. e5
Ne8 16. Bxc5 dxc5 17. f4 Nc7 18. Na4 Qa7 19. dxc6 Bxc6 20. Bxc6 bxc6 21. Rd7
Kf8 22. Rad1 Ke8 23. Qe4 Qb8 24. Qxc6 Kf8 25. Qxc5 Qb4 26. Qxc7 Qxa4 27. Rd8+
Rxd8 28. Rxd8+ Rxd8 29. Qxd8+ Qe8 30. Qxe8+ Kxe8 31. Kf2 Kd7 32. Ke3 Kc6 33.
Nf3 h6 34. Kd4 e6 35. Nd2 Bf8 36. Ne4 Bb4 37. a3 Be7 38. c5 a4 39. Kc4 g5 40.
fxg5 hxg5 41. Nc3 Bxc5 42. Nxa4 Bf2 43. g4 Bg3 44. Kd4 Bf2+ 45. Ke4 Kb5 46. b3
Be1 47. Nb2 Bc3 48. Nc4 Kc5 49. Nd6 f6 50. Nc4 fxe5 51. Nxe5 Bd2 52. Nf3 Bc1
53. Ke5 Bxa3 54. Kxe6 Bc1 55. Kf5 Kd6 56. Nxg5 Ke7 57. b4 Be3 58. b5 Bf2 59.
Ne4 Bd4 60. h4 Kf7 61. Nd6+ Kg7 62. Nc4 Bf2 63. b6 Bxh4 64. b7 Bg3 65. Ne5 1-0

[Event "G5 Gruppe 1 2011"]
[Site "Odense"]
[Date "2011.04.24"]
[Round "4"]
[White "Mott, Jens"]
[Black "Andersen, Finn"]
[Result "0-1"]
[WhiteElo "1953"]
[BlackElo "2006"]
[PlyCount "86"]
[EventDate "2011.??.??"]


1. e4 d6 2. d4 Nf6 3. Bd3 e5 4. c3 Nbd7 5. Ne2 c6 6. O-O Be7 7. f4 O-O 8. Nd2
Re8 9. Nf3 exf4 10. Nxf4 Nf8 11. Ng5 Qd7 12. Bc4 d5 13. exd5 cxd5 14. Nxd5 Nxd5
15. Nxf7 Bf6 16. Qh5 Qxf7 17. Bxd5 Be6 18. Qxf7+ Kxf7 19. Bxb7 Rab8 20. Ba6 Bd5
21. b3 Ke7 22. Ba3+ Kd7 23. Bc5 Re3 24. c4 Be4 25. d5 Re2 26. Bf2 Bxa1 27. Rxa1
Ng6 28. Bb5+ Rxb5 29. cxb5 Bxd5 30. g3 Ne5 31. Rd1 Ke6 32. Bxa7 Rxa2 33. b6
Nf3+ 34. Kf1 Nxh2+ 35. Ke1 Nf3+ 36. Kf1 Bxb3 37. Rc1 Bd5 38. Rc3 Rb2 39. Rc7 h5
40. Rc8 Ke5 41. Re8+ Kf5 42. Rf8+ Ke6 43. Rc8 Bb7 0-1

[Event "G5 Gruppe 1 2011"]
[Site "Odense"]
[Date "2011.04.24"]
[Round "4"]
[White "Norregaard, Claus"]
[Black "Meldgaard, Frode"]
[Result "1-0"]
[WhiteElo "1955"]
[BlackElo "1949"]
[PlyCount "75"]
[EventDate "2011.??.??"]


1. d4 d6 2. c4 Bf5 3. Nc3 Nd7 4. e4 Bg6 5. Bd3 e5 6. d5 Be7 7. Nf3 Ngf6 8. Be3
O-O 9. Qc2 a6 10. h3 b6 11. b4 Qc8 12. O-O a5 13. a3 axb4 14. axb4 Qb7 15. Nb5
Rfc8 16. Nd2 Ne8 17. f3 Ra6 18. Rxa6 Qxa6 19. c5 bxc5 20. Nd4 Qb7 21. Nc6 Bf8
22. Rb1 Ra8 23. bxc5 Qc8 24. cxd6 Bxd6 25. Nb3 Ra3 26. Nba5 Qa8 27. Bb5 Rxe3
28. Nc4 Ra3 29. Nxd6 cxd6 30. Ne7+ Kf8 31. Nxg6+ hxg6 32. Kh2 Nc5 33. Qf2 Nf6
34. Bc6 Ra2 35. Qh4 Rxg2+ 36. Kh1 Qa2 37. Rb8+ Ke7 38. Re8# 1-0

[Event "G5 Gruppe 1 2011"]
[Site "Odense"]
[Date "2011.04.25"]
[Round "5"]
[White "Andersen, Finn"]
[Black "Andersen, Morten"]
[Result "0-1"]
[WhiteElo "2006"]
[BlackElo "2132"]
[PlyCount "78"]
[EventDate "2011.??.??"]


1. e4 c5 2. Nc3 a6 3. g3 b5 4. Bg2 Bb7 5. d3 e6 6. Qe2 Nc6 7. f4 Nd4 8. Qf2 b4
9. Nd1 f5 10. c3 Nc6 11. Nh3 Nf6 12. Qe2 c4 13. dxc4 Nxe4 14. Bxe4 fxe4 15. Ng5
bxc3 16. bxc3 Na5 17. Be3 Rc8 18. Bd4 Nxc4 19. Bxg7 Bxg7 20. Qh5+ Ke7 21. Qf7+
Kd6 22. Qxg7 Qe7 23. Qd4+ Bd5 24. Nxe4+ Kc7 25. O-O Rhf8 26. Ndf2 Kd8 27. Rfe1
h5 28. Ng5 h4 29. g4 Qf6 30. Nd3 Qxd4+ 31. cxd4 Nb2 32. Nxb2 Rxf4 33. Nh3 Rxg4+
34. Kf2 Rg2+ 35. Ke3 Rxb2 36. Kf4 Rxh2 37. Re3 Ke7 38. a3 Rf8+ 39. Kg4 Rg2+ 0-1

[Event "G5 Gruppe 1 2011"]
[Site "Odense"]
[Date "2011.04.25"]
[Round "5"]
[White "Jepsen, Thomas Tange"]
[Black "Frank Nielsen, Marie"]
[Result "1-0"]
[WhiteElo "2023"]
[BlackElo "1988"]
[PlyCount "75"]
[EventDate "2011.??.??"]


1. d4 Nf6 2. c4 g6 3. Nc3 Bg7 4. e4 d6 5. f3 O-O 6. Be3 e5 7. d5 c6 8. Bd3 Na6
9. Nge2 Nc5 10. O-O Nxd3 11. Qxd3 Ne8 12. b4 cxd5 13. Nxd5 Nc7 14. Rfd1 Be6 15.
Nec3 Na6 16. Rac1 Kh8 17. a3 Qd7 18. Nb5 b6 19. Ndc3 Rfd8 20. Nxd6 Nc7 21. Qe2
Qe7 22. c5 f5 23. Ncb5 Nxb5 24. Nxb5 Rxd1+ 25. Rxd1 f4 26. Bf2 h5 27. cxb6 axb6
28. Bxb6 g5 29. Bc5 Qf7 30. Nd6 Qg6 31. b5 g4 32. Kh1 Rg8 33. b6 Bf6 34. b7 g3
35. Ba7 Qg5 36. Nf5 gxh2 37. b8=Q Bc4 38. Qeb2 1-0

[Event "G5 Gruppe 1 2011"]
[Site "Odense"]
[Date "2011.04.25"]
[Round "5"]
[White "Svane, Henrik"]
[Black "Nielsen, Erling Moller"]
[Result "1/2-1/2"]
[WhiteElo "2071"]
[BlackElo "2001"]
[PlyCount "67"]
[EventDate "2011.??.??"]


1. d4 Nf6 2. c4 g6 3. Nc3 Bg7 4. e4 O-O 5. Nf3 d6 6. Be2 Bg4 7. Be3 Nc6 8. d5
Bxf3 9. Bxf3 Na5 10. Be2 c5 11. a3 Nd7 12. Rc1 Rc8 13. O-O b6 14. Qa4 f5 15.
exf5 gxf5 16. f4 Bd4 17. Bxd4 cxd4 18. Nb5 Nc5 19. Qd1 Nab3 20. Rc2 d3 21. Bxd3
a6 22. Na7 Rc7 23. Nc6 Qc8 24. Rc3 Nxd3 25. Qxd3 Nc5 26. Qg3+ Kh8 27. Qh4 Qe8
28. Nd4 Qg6 29. Rg3 Qf6 30. Qxf6+ Rxf6 31. Rg5 Ne4 32. Rxf5 Rxc4 33. Rxf6 Nxf6
34. Rd1 1/2-1/2

[Event "G5 Gruppe 1 2011"]
[Site "Odense"]
[Date "2011.04.25"]
[Round "5"]
[White "Nielsen, Thorkild Borup"]
[Black "Pedersen, Carsten"]
[Result "1/2-1/2"]
[WhiteElo "2011"]
[BlackElo "2132"]
[PlyCount "33"]
[EventDate "2011.??.??"]


1. d4 Nf6 2. c4 Nc6 3. Nf3 e6 4. g3 d5 5. Bg2 dxc4 6. Qa4 Bb4+ 7. Bd2 Nd5 8.
Bxb4 Ndxb4 9. O-O Rb8 10. Na3 O-O 11. Ne5 Qxd4 12. Nxc6 bxc6 13. e3 Qc5 14.
Rfc1 Ba6 15. Nxc4 Bxc4 16. a3 Qb5 17. axb4 1/2-1/2